Professional skills in human resource management. / (Record no. 8193)
[ view plain ]
| 000 -LEADER | |
|---|---|
| fixed length control field | 02277cam a22002774a 4500 |
| 001 - CONTROL NUMBER | |
| control field | 13183877 |
| 003 - CONTROL NUMBER IDENTIFIER | |
| control field | OSt |
| 005 - DATE AND TIME OF LATEST TRANSACTION | |
| control field | 20211206125307.0 |
| 008 - FIXED-LENGTH DATA ELEMENTS--GENERAL INFORMATION | |
| fixed length control field | 030502s2004 nyu b 001 0 eng |
| 010 ## - LIBRARY OF CONGRESS CONTROL NUMBER | |
| LC control number | 2003052741 |
| 020 ## - INTERNATIONAL STANDARD BOOK NUMBER | |
| International Standard Book Number | 978998801094X |
| 040 ## - CATALOGING SOURCE | |
| Original cataloging agency | DLC |
| Transcribing agency | DLC |
| Modifying agency | DLC |
| 042 ## - AUTHENTICATION CODE | |
| Authentication code | pcc |
| 050 00 - LIBRARY OF CONGRESS CALL NUMBER | |
| Classification number | HF5549.A79 |
| 082 00 - DEWEY DECIMAL CLASSIFICATION NUMBER | |
| Classification number | 658.3 |
| Edition number | 21 |
| 100 ## - MAIN ENTRY--PERSONAL NAME | |
| Fuller form of name | Asare-Bediako, Kwadwo |
| 245 10 - TITLE STATEMENT | |
| Title | Professional skills in human resource management. / |
| Statement of responsibility, etc. | Kwadwo Asare-Bediako |
| 250 ## - EDITION STATEMENT | |
| Edition statement | 3rd ed. |
| 260 ## - PUBLICATION, DISTRIBUTION, ETC. | |
| Place of publication, distribution, etc. | Kasoa, Ghana: |
| Name of publisher, distributor, etc. | Bediako Memorial Institute, |
| Date of publication, distribution, etc. | 2018. |
| 300 ## - PHYSICAL DESCRIPTION | |
| Extent | xvi, 334 p. ; |
| Other physical details | ill. ; |
| 504 ## - BIBLIOGRAPHY, ETC. NOTE | |
| Bibliography, etc. note | Includes indexes. |
| 505 ## - FORMATTED CONTENTS NOTE | |
| Formatted contents note | Contents: 1. The field of HR management: The human resource management function -- The history of human resource management -- Competencies: an outcome HR must deliver to the organization -- Establishing data for human resource management -- Principles of human behaviour for HR practitioners -- 2. Recruiting and selecting competent job applicants: Stages and issues in recruitment and selection -- Behavioural interviewing -- 3. Training and developing employees: Designing new employee orientation system -- The learning & development function -- Identifying learning needs -- Understanding adult learning -- Designing and facilitating a training session -- Strategies for ensuring transfer of learning -- Evaluating training effectiveness -- Developing a succession planning and career development system -- 4. Utilizing employee potential: Utilizing employee potential through the employee suggestion system -- Using work teams to improve productivity -- Improving employee performance with a performance management system -- 5. Rewarding & motivating employees: Evaluating and classifying jobs for rewards management -- Designing a salary structure -- Negotiating collective agreements -- 6. Strategic human resource management: HR as a strategic business partner -- The annual HR business plan -- Writing the monthly HR report -- Writing HR proposals -- Developing human resource policies -- 7. Organization development skills for the HR practitioner: Organization development skills for the HR practitioner -- |
| 650 #0 - SUBJECT ADDED ENTRY--TOPICAL TERM | |
| Topical term or geographic name entry element | Personnel management |
| 906 ## - LOCAL DATA ELEMENT F, LDF (RLIN) | |
| a | 7 |
| b | cbc |
| c | orignew |
| d | 1 |
| e | ocip |
| f | 20 |
| g | y-gencatlg |
| 942 ## - ADDED ENTRY ELEMENTS (KOHA) | |
| Source of classification or shelving scheme | Library of Congress Classification |
| Koha item type | Books |
| Withdrawn status | Lost status | Source of classification or shelving scheme | Damaged status | Not for loan | Home library | Current library | Shelving location | Date acquired | Full call number | Barcode | Date last seen | Copy number | Price effective from | Koha item type | Total Checkouts |
|---|---|---|---|---|---|---|---|---|---|---|---|---|---|---|---|
| Library of Congress Classification | WISCONSIN INTERNATIONAL UNIVERSITY COLLEGE, GHANA KUMASI LIBRARY | WISCONSIN INTERNATIONAL UNIVERSITY COLLEGE, GHANA KUMASI LIBRARY | General Stacks | 11/11/2019 | HF5549.A79(3e) | K/1843/1843/19 | 06/12/2021 | 1 | 06/12/2021 | Books | |||||
| Library of Congress Classification | WISCONSIN INTERNATIONAL UNIVERSITY COLLEGE, GHANA KUMASI LIBRARY | WISCONSIN INTERNATIONAL UNIVERSITY COLLEGE, GHANA KUMASI LIBRARY | General Stacks | 11/11/2019 | HF5549.A791(3e) | K/1844/1844/19 | 06/12/2021 | 2 | 06/12/2021 | Books | |||||
| Library of Congress Classification | WISCONSIN INTERNATIONAL UNIVERSITY COLLEGE, GHANA KUMASI LIBRARY | WISCONSIN INTERNATIONAL UNIVERSITY COLLEGE, GHANA KUMASI LIBRARY | General Stacks | 11/11/2019 | HF5549.A792(3e) | K/1871/1871/19 | 06/12/2021 | 3 | 06/12/2021 | Books |
